01247nam a2200229 a 450000100100000000500170001000800410002702000180006804000250008610000350011124500740014624600800022026000720030030000110037250001050038358002270048860000400071565000290075595201050078495201110088999900170100000004244620201002040149.0131203s2007 sp 000 0 spa d a6798483470534 aDO-SdBNPbspacBNPHU1 aRidruejo Alonso, Emilio96960310aEl arte de la lengua de Chile de Luis de Valdivia /cEmilio Ridruejo.14aArte y gramática general de la lengua que corre en todo el reyno de Chile aMadrid :bAgencia Española de Cooperación Internacional,c2007. a197 p. aTítulo en la cubierta : Arte y gamática general de la lengua que corre en todo el reyno de Chile aEstudio del facsímil de : Arte y gramática general de la lengua que corre en todo el reyno de Chile con vocavulario y confesionario compuesto por el padre Luys de Valdivia, editado en un estuche junto con el facsímil2 aValdivia, Luis ded1561-1642969604 4aAraucano (lengua)969605 001050718MOaGRbGRcHDd2013-12-03iLF1l0o p42446-10r2020-06-25w2020-06-25y1ZNo se presta 001050718MOaGRbGRcHDd2013-12-03iLF1l0o p42446-20r2020-06-25te. 2w2020-06-25y1ZNo se presta c41935d41935